000
00286nam a22001217a 4500
040
_c
HS
082
_a
170
100
_a
NGUYEN VAN SO
245
_a
Agroforestry syllabus
260
_a
Vietnam's national university of hochiminh city
_b
NGUYEN VAN SO
_c
1997
300
_a
79p;
942
_c
EK
999
_c
9152
_d
9152